Noms de gares françaises - Statistiques

Statistiques générales
  • Ce quiz a été pris 272 fois
  • Le résultat moyen est 7 sur 15
Statistiques - réponses
Hint Réponse % Correct
Marseille Saint-Charles
96%
Bordeaux Saint-Jean
88%
Toulouse Matabiau
81%
Montpellier Saint-Roch
67%
Limoges Bénédictins
55%
Saint-Étienne Châteaucreux
54%
Angers Saint-Laud
52%
Rouen Rive-Droite
50%
Chambéry Challes-les-Eaux
45%
Besançon Viotte
44%
Montauban Ville-Bourbon
33%
Blois Chambord
28%
Auxerre Saint-Gervais
23%
Riom Châtel-Guyon
21%
Manosque Gréoux-les-Bains
12%
Aucun quiz correspondant
Distribution des résultats
% des personnes avec chaque résultat
Percentile par nombre de réponses
Votre historique - résultats
Vous n’avez pas pris ce quiz